Statistics for Youngest Current State Leaders

Click here to take the quiz!

General Stats

  • This quiz has been taken 24 times
  • The average score is 4 of 10

Answer Stats

Name AgeAnswer% Correct
Kim Jong-Un35 years 355 daysNorth Korea
100%
Luca Santolini33 years 310 daysSan Marino
58%
Sebastian Kurz32 years 124 daysAustria
54%
Jacinda Ardem38 years 156 daysNew Zealand
46%
Mamuka Bakhtadze36 years 203 daysGeorgia
29%
Jigme Khesar Namgyei Wangchuck38 years 311 daysBhutan
29%
Carlos Alvarado Quesada38 years 349 daysCosta Rica
29%
Leo Varadkar39 years 345 daysIreland
25%
Tamim Bin Hamad al Thani38 years 209 daysYemen
21%
Juri Ratas40 years 180 daysEstonia
13%

Score Distribution

Percentile by Number Answered

Percent of People with Each Score

Your Score History

You have not taken this quiz